01082nam a2200217 i 4500001000700000003000900007005001700016007000300033008004100036080001000077100003700087245011100124260004900235300002000284505031600304630003400620700003300654852003400687999001900721952012400740129969ES-MaACL20251220063020.0t|070712m19581962sp ||||1| spa d a22.071 aPrado, Juan, d1897-1978917143710aSíntesis bíblica / cpor el P. Juan Prado, C.SS.R. ; con la colaboración del P. Nicanor Fernández. aMadrid : bEl Perpetuo Socorro, c1958-1962. a5 v. ; c17 cm.8 aContiene: I. Orientaciones -- II. Historia de la revelación. Libros del Antiguo Testamento. Orígenes del pueblo hebreo -- IV-VII. Destierro babilónico. Restauración. Diáspora. Alzamiento de los Macabeos -- VIII. Literatura poético-sapiencial -- IX. Apéndice: los Apócrifos del Antiguo Testamento 0aBiblia-vComentarios.91192381 aFernández, Nicanor.949411 aES-MaACLjE-3836-40 bR.49718 c129969d129969 00104070aATENEOMbATENEOMcDEPO2d2008-01-17eSCl0oE-3836-40p1135331r2023-02-23 00:00:00w2023-02-23yMONOGRAFIA